000
00346 a2200169 4500
001
18181
020
_a
9788508069286
040
_c
Anchieta - Bela Vista
100
_a
França, Mary
240
1
0
_a
Bolo fofo
_l
por
245
1
0
_a
Bolo fofo
300
_a
16
362
0
_a
2016
440
1
_a
Ática
650
4
_a
Literatura infantil
942
_c
BK
999
_c
18181
_d
18181